000
00365cam a2200169ua 4500
020
_c
4.00
041
_a
hin
_h
082
_a
891.54
_b
YAD/RA
100
_a
Yadh Deva, Ramya .
245
_a
Rambha anmiyadath
260
_a
Calcutta :
_b
Naya prakash ,
_c
1962.
300
_a
132 ; .
365
_a
4.00
504
_a
942
_c
BK
999
_c
12488
_d
12488